MARC-detaljer
| 000 -LEADER |
| fixed length control field |
04704cim a22010217a 4500 |
| 001 - CONTROL NUMBER |
| control field |
13811081 |
| 003 - CONTROL NUMBER IDENTIFIER |
| control field |
LIBRIS |
| 005 - DATE AND TIME OF LATEST TRANSACTION |
| control field |
20210929123848.0 |
| 007 - PHYSICAL DESCRIPTION FIXED FIELD--GENERAL INFORMATION |
| fixed length control field |
sd |||||||m||| |
| 008 - FIXED-LENGTH DATA ELEMENTS--GENERAL INFORMATION |
| fixed length control field |
130121s2013 sw | ||g||||||| | swe|c |
| 020 ## - INTERNATIONAL STANDARD BOOK NUMBER |
| International Standard Book Number |
9789173486927 |
| Qualifying information |
MP3 CD |
| 035 ## - SYSTEM CONTROL NUMBER |
| System control number |
(BOKR)9789173486927 |
| 035 ## - SYSTEM CONTROL NUMBER |
| System control number |
(Bo)517328 |
| 040 ## - CATALOGING SOURCE |
| Original cataloging agency |
BOKR |
| Modifying agency |
Tkb |
| -- |
Tkb |
| -- |
Udd |
| -- |
Tkb |
| -- |
Gbg |
| Description conventions |
a |
| 041 ## - LANGUAGE CODE |
| Language code of text/sound track or separate title |
swe |
| 082 04 - DEWEY DECIMAL CLASSIFICATION NUMBER |
| Classification number |
839.73 |
| Edition number |
22 (machine generated) |
| 084 ## - OTHER CLASSIFICATION NUMBER |
| Classification number |
Hc.01/LC |
| Number source |
kssb/8 |
| 084 ## - OTHER CLASSIFICATION NUMBER |
| Classification number |
Hc.01 |
| Number source |
kssb/8 |
| 100 1# - MAIN ENTRY--PERSONAL NAME |
| Personal name |
Sten, Viveca, |
| Dates associated with a name |
1959- |
| Authority record control number or standard number |
https://libris.kb.se/vs69fz3d0lrg4wz#it |
| 245 10 - TITLE STATEMENT |
| Title |
I farans riktning |
| Medium |
[Ljudupptagning] |
| Remainder of title |
[morden i Sandhamn] / |
| Statement of responsibility, etc. |
Viveca Sten. |
| 264 #1 - PRODUCTION, PUBLICATION, DISTRIBUTION, MANUFACTURE, AND COPYRIGHT NOTICE |
| Place of production, publication, distribution, manufacture |
Stockholm : |
| Name of producer, publisher, distributor, manufacturer |
Bonnier Audio, |
| Date of production, publication, distribution, manufacture, or copyright notice |
p 2013 |
| 300 ## - PHYSICAL DESCRIPTION |
| Extent |
1 MP3-CD (12 tim., 30 min) |
| 490 0# - SERIES STATEMENT |
| Series statement |
Sandhamnsdeckare |
| 500 ## - GENERAL NOTE |
| General note |
Ljudbok CD (MP3) |
| 511 1# - PARTICIPANT OR PERFORMER NOTE |
| Participant or performer note |
Inläsare: Katarina Ewerlöf |
| 655 #7 - INDEX TERM--GENRE/FORM |
| Genre/form data or focus term |
Skönlitteratur |
| Authority record control number or standard number |
https://id.kb.se/term/saogf/Sk%C3%B6nlitteratur |
| Source of term |
saogf |
| 655 #7 - INDEX TERM--GENRE/FORM |
| Genre/form data or focus term |
Deckare |
| Authority record control number or standard number |
https://id.kb.se/term/saogf/Deckare |
| Source of term |
saogf |
| 655 #7 - INDEX TERM--GENRE/FORM |
| Genre/form data or focus term |
Ljudböcker |
| Authority record control number or standard number |
https://id.kb.se/term/saogf/Ljudb%C3%B6cker |
| Source of term |
saogf |
| 700 1# - ADDED ENTRY--PERSONAL NAME |
| Personal name |
Ewerlöf, Katarina |
| Relationship |
nrt |
| 887 ## - NON-MARC INFORMATION FIELD |
| Content of non-MARC field |
{"@id":"1kcg2v0c2mb313l","modified":"2016-02-16T12:53:29+01:00","checksum":"139145048525"} |
| Source of data |
librisxl |
| 887 ## - NON-MARC INFORMATION FIELD |
| Content of non-MARC field |
{"@id":"ns0m347t2h5rg7m","modified":"2014-04-01T12:20:03+02:00","checksum":"137750992778"} |
| Source of data |
librisxl |
| 887 ## - NON-MARC INFORMATION FIELD |
| Content of non-MARC field |
{"@id":"hmtbkz6n4s40z4j","modified":"2013-08-06T09:18:17+02:00","checksum":"157961211475"} |
| Source of data |
librisxl |
| 887 ## - NON-MARC INFORMATION FIELD |
| Content of non-MARC field |
{"@id":"z39sqfz41kj9srk","modified":"2013-04-30T14:16:31+02:00","checksum":"120049833409"} |
| Source of data |
librisxl |
| 887 ## - NON-MARC INFORMATION FIELD |
| Content of non-MARC field |
{"@id":"gls8crjm0d0lw1f","modified":"2013-01-21T18:23:26+01:00","checksum":"165199739338"} |
| Source of data |
librisxl |
| 887 ## - NON-MARC INFORMATION FIELD |
| Content of non-MARC field |
{"@id":"tz5p2p001trl9nc","modified":"2013-07-10T19:22:51+02:00","checksum":"147719488666"} |
| Source of data |
librisxl |
| 887 ## - NON-MARC INFORMATION FIELD |
| Content of non-MARC field |
{"@id":"sx5zhx5z109fz42","modified":"2015-06-22T11:07:05+02:00","checksum":"125628758586"} |
| Source of data |
librisxl |
| 887 ## - NON-MARC INFORMATION FIELD |
| Content of non-MARC field |
{"@id":"ns0grrlt3885xwd","modified":"2013-07-08T17:25:28+02:00","checksum":"157833713335"} |
| Source of data |
librisxl |
| 887 ## - NON-MARC INFORMATION FIELD |
| Content of non-MARC field |
{"@id":"chqmdbqj479kdz9","modified":"2016-01-25T14:21:18+01:00","checksum":"168653669026"} |
| Source of data |
librisxl |
| 887 ## - NON-MARC INFORMATION FIELD |
| Content of non-MARC field |
{"@id":"37fzj6q81tt9vhm","modified":"2013-08-02T15:30:35+02:00","checksum":"161607140316"} |
| Source of data |
librisxl |
| 887 ## - NON-MARC INFORMATION FIELD |
| Content of non-MARC field |
{"@id":"gls98kmm4w9vsj3","modified":"2013-06-05T18:20:54+02:00","checksum":"120424742022"} |
| Source of data |
librisxl |
| 887 ## - NON-MARC INFORMATION FIELD |
| Content of non-MARC field |
{"@id":"sx4mrlfz23vqjkz","modified":"2013-05-24T09:01:13+02:00","checksum":"143626718910"} |
| Source of data |
librisxl |
| 887 ## - NON-MARC INFORMATION FIELD |
| Content of non-MARC field |
{"@id":"hmtbjj4n0xjc4hh","modified":"2013-06-13T17:20:32+02:00","checksum":"115164579952"} |
| Source of data |
librisxl |
| 887 ## - NON-MARC INFORMATION FIELD |
| Content of non-MARC field |
{"@id":"v06pxcp15vh7gkg","modified":"2013-07-31T12:17:16+02:00","checksum":"121853119798"} |
| Source of data |
librisxl |
| 887 ## - NON-MARC INFORMATION FIELD |
| Content of non-MARC field |
{"@id":"m082pxcckf8ks899","modified":"2021-02-01T14:44:19.351+01:00","checksum":"161310288273"} |
| Source of data |
librisxl |
| 900 1s - EQUIVALENCE OR CROSS-REFERENCE-PERSONAL NAME [LOCAL, CANADA] |
| Linkage |
100 |
| Dates associated with a name |
1959- |
| Affiliation |
Sten, Viveca, |
| Dates associated with a name |
1959- |
| 900 1s - EQUIVALENCE OR CROSS-REFERENCE-PERSONAL NAME [LOCAL, CANADA] |
| Linkage |
100 |
| Dates associated with a name |
1959- |
| Affiliation |
Sten, Viveca, |
| Dates associated with a name |
1959- |
| 942 ## - ADDED ENTRY ELEMENTS (KOHA) |
| Source of classification or shelving scheme |
Other/Generic Classification Scheme |
| Koha item type |
Ljudbok |